| 000 | 00706nam a2200205 a 4500 | ||
|---|---|---|---|
| 005 | 20140311163041.0 | ||
| 008 | 120718s19uu xx 00 eng d | ||
| 020 | _a9781849201339 | ||
| 050 |
_aLC 3986 .G7 _b.W35 2011 |
||
| 100 | _aWall, Kate | ||
| 245 |
_aSpecial needs and early years : _ba practitioner's guide / _cKate Wall. |
||
| 250 | _a3rd ed. | ||
| 260 |
_aLondon ; Thousand Oaks, Calif : _bSAGE, _c2011. |
||
| 300 |
_axiv, 249 p. : _bill. ; _c24 cm. |
||
| 500 | _aPrevious ed.: London: Paul Chapman, 2006. Includes bibliographical references (p. 227-240) and index. | ||
| 521 | _aEDU | ||
| 650 |
_aEarly childhood special education _xGreat Britain |
||
| 942 |
_cBK _2lcc _kFOR |
||
| 999 |
_c39751 _d39751 |
||